[Event "Olympiad-31"]
[Site "Moscow"]
[Date "1994.12.03"]
[Round "3.1"]
[White "Polgar, Judit"]
[Black "Skembris, Spyridon"]
[Result "1-0"]
[WhiteElo "2630"]
[BlackElo "2525"]
[Annotator "Notkin,M"]
[PlyCount "59"]
[EventDate "1994.12.01"]
[EventType "team-swiss"]
[EventRounds "14"]
[EventCountry "RUS"]
[SourceTitle "CBM 045"]
[Source "ChessBase"]
[SourceDate "1995.04.01"]
[SourceVersion "1"]
[SourceVersionDate "1995.04.01"]
[SourceQuality "1"]
[WhiteTeam "Hungary"]
[BlackTeam "Greece"]
[WhiteTeamCountry "HUN"]
[BlackTeamCountry "GRE"]

1. e4 {Ftacnik} e5 2. Nf3 Nf6 3. d4 Nxe4 4. Bd3 d5 5. Nxe5 Nd7 6. Nxd7 Bxd7 7.
O-O Qh4 8. c4 O-O-O 9. c5 g6 (9... g5 {Ftacnik}) 10. Nc3 Bg7 11. Be3 (11. Ne2
Rhe8 12. a4 $6 (12. Be3 Nf6 $6 13. Qd2 Ng4 14. Bf4 Bh6 15. c6 $1 Bxc6 16. h3
$16 {Xie,J-Ye,R/Shenrhen/1992/1:0/42/}) 12... Ng5 $1 13. Ra3 h6 14. Bc2 $2 (14.
Be3) 14... Rxe2 15. Qxe2 Ne6 16. Qd1 Nxd4 $17 {Ivanchuk,V-Rozentalis,E/Manila
(ol)/1992/0:1/33/}) (11. g3 Qh3 $2 (11... Qf6 12. Be3 Bf5 $2 (12... Ng5 13. f4
Nh3+ 14. Kg2 Rhe8 15. Qd2 $13 {Leko,P-Farago,I/Budapest/1993/1:0/38/}) 13. Nb5
Bh3 14. Nxa7+ Kb8 15. Nb5 Bxf1 16. Bxf1 $16 {Anand,V-Huebner,R/Dortmund/1992/1:
0/31/}) 12. Nxd5 Bg4 13. Ne7+ $1 Kb8 14. Nc6+ $1 Kc8 15. Nxa7+ Kb8 16. Nc6+ Kc8
17. f3 $1 $18 {Ivanchuk,V-Rozentalis,E/Debrecen/1992/1:0/20/}) 11... Nxc5 (
11... Rhe8 $2 12. Nxd5 Bc6 (12... Bg4 13. Qa4 (13. Qb3 {Ftacnik} Be6 14. Bc4
Bxd4 (14... c6 15. g3 $1 $16) 15. Bxd4 Nd2 16. Bf6 Nxb3 17. Bxh4 Nxa1 18. Bxd8
Rxd8 19. Ne7+ Kd7 20. Bxe6+ Kxe6 21. Re1+ Kf6 22. Nxg6 hxg6 23. Rxa1 Rd2 $14))
13. Nb4 $16) (11... Nf6 12. Qd2 h6 $14) 12. g3 Qh3 13. Be2 $1 (13. dxc5 {
Ftacnik} d4 $132) 13... h5 $6 (13... Ne6 $4 14. Bg4 $18) (13... Kb8 14. Bf3 (
14. Nxd5 Bc6 15. Nf4 Qf5) 14... Ne4 15. Nxd5 Nf6 16. Nf4 $14) (13... Ne4 14.
Nxd5 Nf6 (14... Rhe8 {Ftacnik} 15. Rc1 $16) 15. Nf4 Qf5 16. Bd3 Qa5 17. Qc2 $14
) 14. Nxd5 (14. dxc5 d4 15. Bxd4 Bc6 (15... Bc6 {Ftacnik} 16. Bf3 Rxd4 17. Qe2
Re8 $19)) 14... Ba4 (14... Ne6 15. Bf3 $16) 15. b3 Rxd5 16. bxa4 Rhd8 (16...
Ne6 17. Bf3 $40) 17. Bf3 Rxd4 (17... R5d7 {Ftacnik} 18. Qc2 Ne6 19. Rab1 c6 20.
d5 $16) 18. Qc2 $1 (18. Bxd4 {Ftacnik} Bxd4 19. Rb1 Bxf2+) 18... b6 (18... Rh4
19. gxh4 $2 (19. Rfc1 $1 $18) (19. Rfb1 {Ftacnik} Qxh2+ 20. Kf1 Bxa1 21. Qxc5
$40) 19... Be5 20. Rfc1 Bxh2+ $10) (18... Nxa4 19. Rfc1 Be5 20. Bxd4 Rxd4 21.
Rab1 Nb6 22. a4 $40) (18... Ne6 19. Rab1 b6 (19... c6 {Ftacnik} 20. Rxb7 $18)
20. a5 $16) 19. Bxd4 Bxd4 20. Rad1 $16 h4 21. Bg2 Qd7 22. Qe2 hxg3 23. hxg3 f5
(23... Qxa4 24. Qf3 f5 25. Qa8+ Kd7 26. Bc6+ Qxc6 27. Rxd4+ $18) 24. a5 Qa4 (
24... bxa5 {Ftacnik} 25. Rfe1 $16) 25. axb6 axb6 26. Rfe1 Rd6 27. Bf3 Rd8 (
27... Re6 28. Qd2 Rd6 (28... Rxe1+ {Ftacnik} 29. Rxe1 $18) 29. Qh6) (27... Qa3
28. Qe8+ Rd8 29. Qxd8+ $18) 28. Rd2 Rd6 29. Red1 Ne6 $2 (29... Qd7 $16) (29...
Re6 $2 {Ftacnik} 30. Rxd4 $1 Qxd4 (30... Rxe2 31. Rd8#) 31. Rxd4 Rxe2 32. Bxe2
$18) 30. Bd5 $1 1-0

[Event "Rohde op 08th"]
[Site "Sautron"]
[Date "2008.10.30"]
[Round "7"]
[White "Carlsson, Pontus"]
[Black "Lalic, Bogdan"]
[Result "1/2-1/2"]
[WhiteElo "2515"]
[BlackElo "2531"]
[Annotator "Primel,D"]
[PlyCount "58"]
[EventDate "2008.10.25"]
[EventType "swiss"]
[EventRounds "9"]
[EventCountry "FRA"]
[SourceTitle "EXT 2009"]
[Source "ChessBase"]
[SourceDate "2008.11.26"]
[SourceVersion "1"]
[SourceVersionDate "2008.11.26"]
[SourceQuality "1"]

1. e4 e5 2. Nf3 Nf6 3. d4 Nxe4 4. Bd3 d5 5. Nxe5 Nd7 (5... Bd6) 6. Nxd7 Bxd7 7.
O-O Bd6 (7... Qh4 8. g3 Qh3 9. f3 Nf6 10. Re1+ Be6 11. Re5 $36) 8. c4 (8. Nc3)
8... c6 9. cxd5 cxd5 10. Nc3 (10. Qh5 {[%cal Gh5d5]} O-O $1 11. Qxd5 Bc6 $44 {
Ivanchuk,V (2710)-Jussupow,A (2645) Linares 11th 1993 (4) 1/2}) 10... Nxc3 11.
bxc3 O-O 12. Qh5 g6 (12... f5 {l'alternative mais le gambit du P"d5" donne des
bons résultats aux noirs.}) 13. Qxd5 Qc7 {[%csl Rh2]} (13... Bc6 {[%cal Gd6h2];
Potkin,V (2547)-Motylev,A (2660) RUS-chT 13th 2006 (6) 1/2}) 14. Qf3 $5 {
Une idée récente et très populaire actuellement.} (14. Bh6 Rfe8 (14... Bxh2+ {
Curieusement aucune partie n'a suivi l'acceptation du P"h2"} 15. Kh1 Rfe8 16.
Rab1 {[%cal Gb1b7]} Bc6 17. Qg5 {[%cal Gg2g3,Gh1h2]} Bd6 18. Qf6 Bf8 19. Bxf8
Rxf8 20. c4 $44 {[%csl Gc4,Gd4][%cal Gd4d5]})) (14. h4 $143 Be6 $11) 14... Qxc3
15. Bh6 (15. Rb1 Bc6 16. Qf6 Be7 $1 17. Qxe7 Qxd3 $11) 15... Rfe8 (15... Qxd4
$5 {Le suédois est trés souvent en gros zeitnot et il pouvait être intéressant
de compliquer la partie en tentant une idée nouvelle de sacrifice de qualité
car la paire de B doit donner assez de jeu aux noirs.} 16. Bxf8 Bc6 $1 17. Be4
$1 (17. Qe3 Qxe3 18. fxe3 Kxf8 {[%csl Re3]} (18... Rxf8 19. Rad1 $11) 19. Bc4
f5 20. g4 Bc5 21. Rae1 Re8 22. gxf5 Bxe3+ $40 23. Rxe3 $8 Rxe3 24. fxg6+ Kg7
25. gxh7 Kxh7 $11) 17... Bxe4 (17... Rxf8 $6 18. Bxc6 bxc6 19. Qxc6 $16) 18.
Rad1 $1 Bxf3 (18... Bxh2+ $5 19. Kxh2 Qe5+ 20. Qg3 Qh5+ 21. Kg1 Rxf8 {La
position est équilibrée mais les deux camps ont des chances réciproques de
jouer pour le gain alors que dans la ligne principale Rfe8 donne des positions
trés plates. Le sacrifice de qualité mériterait peut-être un essai pratique.})
19. Rxd4 Be5 20. Rd2 Bf4 $1 {Les noirs évitent la perte de matériel en
pourchassant sans cesse la R blanche.} 21. Rb2 (21. Rc2 $2 Be4) 21... Be5 22.
Rbb1 Bd5 23. Bh6 Bxa2 24. Rxb7 a5 25. Re1) 16. Qf6 Bf8 17. Bxf8 Rxf8 18. Be4 (
18. Rad1 $2 Ba4) 18... Bc6 (18... Rab8 $143 19. h4 $36 {[%csl Rg7][%cal Gh4h5,
Gh5h6]}) 19. Rac1 Qb4 {Cette idée de KRAMNIK semble donner assez de contre-jeu
aux noirs} 20. Bxc6 bxc6 21. Rxc6 (21. h4 $143 Rad8 22. Rfd1 Rd6 $11) 21...
Rad8 $132 22. Ra6 Qxd4 23. Qxd4 Rxd4 24. Rxa7 {la finale de R est assez facile
а annuler malgré le P de moins car la R blanche est devant le P} Rc8 25. a4 (
25. Ra1 Rc2 {[%cal Gd4d2]} 26. Ra3 Rdd2 27. Rf3 Rxa2) 25... Rc2 26. g3 Ra2 27.
a5 (27. Kg2 Raxa4 28. Rxa4 Rxa4 {1/2-1/2 Landa,K (2615)-Sakaev,K (2635)/
Novokuznetsk 2008/CBM 126}) 27... Rda4 28. Kg2 Rxa5 29. Rxa5 Rxa5 {Les noirs
n'ont apparamment aucun problème dans cette variante pour annuler} 1/2-1/2

[Event "BBC TV Master Game, Series 4"]
[Site "Bristol"]
[Date "1979.03.27"]
[Round "1"]
[White "Nunn, John DM"]
[Black "Hort, Vlastimil"]
[Result "1/2-1/2"]
[WhiteElo "2500"]
[BlackElo "2600"]
[Annotator "Primel,D"]
[PlyCount "65"]
[EventDate "1979.03.27"]
[EventType "k.o."]
[EventRounds "3"]
[EventCountry "ENG"]
[SourceTitle "EXT 2018"]
[Source "ChessBase"]
[SourceDate "2017.10.13"]
[SourceVersion "1"]
[SourceVersionDate "2017.10.13"]
[SourceQuality "1"]

1. e4 e5 2. Nf3 Nf6 3. d4 Nxe4 4. Bd3 d5 5. Nxe5 Bd6 6. O-O O-O 7. Nd2 Nxd2 8.
Bxd2 Nc6 9. Nxc6 bxc6 10. Qh5 g6 11. Qh6 Re8 $146 (11... Qf6 12. Rae1 Be6 13.
c3 Rfe8 14. Bg5 Qg7 15. Qh4 Qf8 16. f4 f5 17. Bf6 Bd7 18. Be5 c5 19. Re3 cxd4
20. cxd4 Rab8 21. Rf2 Bxe5 22. fxe5 c5 23. Rc2 c4 24. Bf1 f4 25. Rf3 Qf5 26.
Qf2 g5 27. b3 cxb3 28. axb3 Bb5 29. Bxb5 Rxb5 30. h4 h6 31. hxg5 hxg5 32. Rc7
Ra5 33. Qe1 Ra2 34. Rh3 Qg4 35. Qf1 f3 36. Qxf3 Qxd4+ 37. Kh2 Qxe5+ 38. Qg3 {
1/2-1/2 (38) Plachetka,J (2445)-Vadasz,L (2405) Stary Smokovec 1973}) 12. Bg5
Be7 (12... f6 $2 13. Bxg6 $1 $18) 13. Rae1 Bxg5 14. Rxe8+ Qxe8 15. Qxg5 Be6 16.
f4 {[%cal Gf4f5]} Qd8 17. Qg3 Qd6 $1 {[%cal Gd6g3]} 18. Qh4 Qd8 19. Qf2 Qf6
$132 20. Re1 Rb8 21. b3 Re8 22. Re5 Kf8 23. Qe3 (23. Qd2 $1) 23... Bd7 24. c4
dxc4 25. Bxc4 Qd6 26. Rxe8+ Bxe8 27. Qe5 f6 28. Qc5 Bf7 29. Qxa7 Bxc4 30. bxc4
Qxf4 31. Qa3+ Ke8 32. Qc3 Kd8 33. h3 1/2-1/2

[Event "ISR-chT"]
[Site "Israel"]
[Date "2005.01.14"]
[Round "2.1"]
[White "Psakhis, Lev"]
[Black "Alterman, Boris"]
[Result "1-0"]
[WhiteElo "2545"]
[BlackElo "2548"]
[Annotator "Psakhis,L"]
[PlyCount "79"]
[EventDate "2005.01.08"]
[EventType "team"]
[EventRounds "11"]
[EventCountry "ISR"]
[SourceTitle "CBM 107"]
[Source "ChessBase"]
[SourceDate "2005.08.01"]
[SourceVersion "1"]
[SourceVersionDate "2005.08.01"]
[SourceQuality "1"]

1. e4 e5 2. Nf3 Nf6 3. d4 Nxe4 4. Bd3 d5 5. Nxe5 Nd7 6. Nxd7 Bxd7 7. O-O Bd6 8.
c4 c6 9. cxd5 cxd5 10. Nc3 Nxc3 11. bxc3 O-O 12. Qh5 g6 13. Qxd5 Qc7 14. Qf3 (
14. Bh6 Rfe8 15. h4 Be6 16. Qf3 Qxc3 17. Qf6 Bf8 18. Bxf8 Rxf8 19. Be4 Rad8 20.
Rfd1 Bd5 21. Rac1 Qa3 22. h5 Qd6 23. Qxd6 Rxd6 24. Bxd5 Rxd5 25. Rc7 Rb8 {
1/2-1/2 Capezza,M-Touzane,O/WICC qual Dubai 2002/EXT 2003 (65)}) 14... Qxc3 (
14... Bxh2+ 15. Kh1 Bd6 16. c4 Rfe8 17. c5 Bf8 18. Be4 Bc6 19. d5 Bb5 20. d6
Qxc5 21. Bd5 $16 {1-0 Erenburg,S-Mikhalevski,V/ISR-ch Ramat Aviv 2004/
ChessBase (42)}) 15. Bh6 Rfe8 16. Qf6 Bf8 17. Bxf8 Rxf8 18. Be4 Rab8 $2 $146 (
18... Be6 19. Bxb7 Rad8 20. Rfd1 Bxa2 21. Rxa2 Qb3 22. Rad2 Qxb7 23. d5 Rfe8
24. d6 Qb4 25. h4 Rd7 26. Rd4 Qb3 27. h5 Qe6 28. Qh4 a5 29. Rd5 Ra8 30. Qa4 h6
31. hxg6 fxg6 {1/2-1/2 Borisek,J-Krivokapic,M/EUR-ch B18 Budva 2003/The Week
in Chess 465 (31)}) (18... Bc6 $1 19. Rfc1 {1/2-1/2 Dochev,D-Konopka,M/
Pardubice Czech op 2000/The Week in Chess 299 (19)} (19. Rac1 Qa5 20. Bxc6 bxc6
21. Rxc6 Qxa2 $11)) 19. h4 $1 Rfe8 (19... Bc6 20. h5 Rfd8 21. Rad1 Bxe4 $140
22. h6 Kf8 23. Rfe1 $1 Qc6 24. Qg7+ Ke7 25. d5 $18) 20. Bf3 (20. h5 $4 Rxe4 21.
h6 Qxd4 $19) 20... Qa5 (20... Re6 21. Qf4) (20... Bf5 $5 21. Rac1 Qa5 22. d5
$36) 21. d5 Rbc8 (21... b5 $5 22. h5 Qd8 23. Qd4 Qb6 24. Qf4 $36) 22. Rfc1 $1 (
22. h5 Qc3 23. Qxc3 Rxc3 24. Rfc1 Rec8 25. Rxc3 Rxc3 26. Re1 $1 Kf8 $14) 22...
Qb6 (22... h6 $5 23. h5 Qd8 24. Qd4 g5 25. d6) (22... Rxc1+ 23. Rxc1 h5 $14 (
23... Qxa2 24. h5)) 23. Qf4 $1 (23. Qxb6 axb6 24. d6 Bc6 25. Rc3 Kf8 26. Rd1
Red8 $14) 23... h5 (23... Qb2 $5) 24. Rcb1 $1 (24. d6 $5) 24... Qa6 $8 25. d6
Bc6 (25... b6 26. Bd5 Rf8 27. Re1 $40) 26. Bd5 $1 (26. Re1 $5 Qa5 (26... Bxf3
27. d7 $18) 27. Rxe8+ Rxe8 28. Bxc6 bxc6 29. d7 Rd8 30. Rd1 $16) (26. Bxc6 $5
Qxc6 27. Rc1 Qd7 28. Rxc8 (28. Rc7 $5) 28... Qxc8 29. Rc1 $16) 26... Rf8 $6 (
26... Bxd5 27. d7 Qe6 28. dxc8=Q Rxc8 29. Re1 $16) 27. Bb3 $1 Qd3 $6 (27... Qe2
$8 {[%cal Ge2g4]}) 28. Re1 $1 $18 Kg7 (28... Qf5 29. Qxf5 gxf5 30. Re5 Rcd8 31.
Rd1 $18) 29. Qe5+ Kh7 30. Rad1 Qf5 (30... Qb5 31. Qxb5 Bxb5 32. Re7 $18) 31.
Qxf5 gxf5 32. d7 $1 Rcd8 33. Re7 Rg8 (33... Kg7 34. Rd6 a5 35. a3 $18) 34. g3
Rg7 35. Bxf7 f4 36. Kh2 fxg3+ 37. fxg3 a5 38. Rd6 a4 39. a3 Bf3 (39... Bb5 40.
Rd5) 40. Re8 1-0

[Event "POL-chT 66th"]
[Site "Katowice"]
[Date "2010.09.11"]
[Round "8"]
[White "Kryvoruchko, Yuriy"]
[Black "Krejci, Jan"]
[Result "1-0"]
[WhiteElo "2635"]
[BlackElo "2454"]
[Annotator "RR"]
[PlyCount "49"]
[EventDate "2010.09.04"]
[EventType "team-tourn"]
[EventRounds "9"]
[EventCountry "POL"]
[SourceTitle "EXT 2016"]
[Source "ChessBase"]
[SourceDate "2015.10.08"]
[SourceVersion "1"]
[SourceVersionDate "2015.10.08"]
[SourceQuality "1"]
[WhiteTeam "Gorzow Wielkopolski"]
[BlackTeam "Wroclaw"]
[WhiteTeamCountry "POL"]
[BlackTeamCountry "POL"]

1. e4 e5 2. Nf3 Nf6 3. d4 Nxe4 4. Bd3 d5 5. Nxe5 Nd7 6. Nxd7 Bxd7 7. O-O Qh4 8.
c4 O-O-O 9. c5 g5 10. Nc3 Bg7 11. g3 Qh3 12. Nxe4 dxe4 13. Bxe4 Bb5 14. Bg2 Qf5
15. Be3 Bxf1 16. Bxf1 (16. Kxf1 c6 17. Kg1 Rd7 18. Qa4 Kb8 19. d5 Rxd5 20. Bxd5
Qxd5 21. Rd1 Qf5 22. b4 a6 23. Qa5 Bf6 24. a4 Qg4 25. Rd6 Be7 26. Rd2 Qf5 27.
h3 Re8 28. Kh2 h5 29. b5 h4 30. g4 Qe5+ 31. Kg1 Qc7 32. Qb4 axb5 33. axb5 cxb5
34. Qxb5 Rd8 35. Rb2 Kc8 36. Qa4 Qc6 37. Qc2 Rd7 38. Rb6 Qd5 39. Rb1 Qc6 40.
Qa2 Rd5 41. Qa1 Bxc5 42. Qh8+ Kc7 43. Rc1 Qd6 44. Kg2 Qc6 45. Kg1 Qd6 {Lu,S 
(2533)-Dragun,K (2546) Pune 2014 1/2-1/2}) 16... Kb8 17. Rc1 $146 (17. Qa4 c6
18. Rd1 Rd7 19. Rd3 Rhd8 20. Ra3 a6 21. Rb3 Bxd4 22. Bxd4 Qe4 23. Qxa6 Qxd4 24.
Qb6 Re8 25. Ra3 Rd5 26. Qa7+ Kc7 27. Rb3 Rb8 28. Qb6+ Kd7 29. Rd3 Qe4 30. Re3
Qa4 31. b4 Rd1 32. Kg2 Qxa2 33. Be2 Qb1 34. b5 Rg1+ 35. Kh3 h5 36. Rd3+ Ke6 37.
Qc7 g4+ 38. Kh4 Rf8 39. Rd6+ {1-0 (39) Zarnicki,P (2470)-Howell,J (2470) Cuba
1993}) 17... Rhe8 18. Rc4 g4 19. Qb3 $36 {[%csl Rb7][%cal Gc4b4,Gf1g2]} Re6 (
19... c6 20. Rb4 (20. Bg2 Kc8 21. Rb4 {[%cal Gg2c6,Gb4b8]} Re7 22. Bf1 (22.
Bxc6 $2 bxc6 23. Rb8+ Kd7 24. Qb7+ Ke8) (22. d5 Qb1+)) 20... Re7 21. Bf4+ Ka8
22. Ra4 {[%cal Ga4a7]} (22. Bd6) 22... Rxd4 23. Rxa7+ $1) 20. Bg2 c6 21. d5 $1
(21. Rb4 Rd7 22. d5 cxd5 23. c6 Rxc6 24. Qa4 $44) 21... Rxd5 22. Bxd5 cxd5 23.
c6 $18 Re7 24. Bxa7+ Kxa7 25. Qa3+ 1-0

[Event "Moscow Aeroflot op-A1"]
[Site "Moscow"]
[Date "2008.02.14"]
[Round "1"]
[White "Guseinov, Gadir"]
[Black "Frolyanov, Dmitry"]
[Result "1-0"]
[WhiteElo "2617"]
[BlackElo "2544"]
[Annotator "Reeh,O"]
[PlyCount "63"]
[EventDate "2008.02.14"]
[EventType "swiss"]
[EventRounds "9"]
[EventCountry "RUS"]
[SourceTitle "CBM 123"]
[Source "ChessBase"]
[SourceDate "2008.04.02"]
[SourceVersion "1"]
[SourceVersionDate "2008.04.02"]
[SourceQuality "1"]

1. e4 e5 2. Nf3 Nf6 3. d4 Nxe4 4. Bd3 Nc6 5. Nxe5 Nxe5 6. dxe5 d5 7. exd6 Nxd6
8. O-O Be7 9. Qh5 Be6 10. Nc3 g6 11. Qf3 O-O 12. Bh6 Re8 13. Qf4 Nf5 14. Bxf5
Bxf5 15. Rad1 Bd6 16. Qd4 Be5 17. Qa4 Qf6 18. Nd5 Qc6 19. Qh4 Bxc2 20. Rd2 Be4
21. Ne7+ Rxe7 22. Qxe7 Bf6 23. Qa3 Bxg2 ({An attempt to fish in muddy waters
would have been Ein Versuch, im Trüben zu fischen, wäre} 23... Bg7 24. Bxg7 {
, and only now und erst jetzt} Bxg2 $5) 24. Rfd1 {Black has two pawns for the
exchange, but big problems consolidating his position. His back rank is weak,
and his bishop on f3 needs constant care. Schwarz hat zwei Bauern für die
Qualität, aber große Probleme, seine Stellung zu konsolidieren. Die Grundreihe
ist anfällig, und der Läufer auf g2 bedarf ständiger Aufmerksamkeit.} Re8 {
White was threatening a little something. Weiß drohte eine Kleinigkeit.} ({
The tempting Das verlockende} 24... Bf3 $2 {would fail: würde bereits
scheitern:} {[%tqu "En","White's rook is attacked - how do you react?",
"Black's back rank is weak.","","d2d8","Precisely!  Since the white queen is
eyeing f8, this check wins.",10,"De","Der weiße Turm ist angegriffen - wie
reagieren Sie?","Die schwarze Grundreihe ist schwach.","","d2d8","Genau!  Da
weiße Dame schielt nach f8, daher führt dieses Schach zum Sieg.",10]} 25. Rd8+
$1 Rxd8 26. Rxd8+ Bxd8 27. Qf8#) {[%tqu "En","How would you play with White?",
"Don't give Black time to consolidate his position.","Show that the black back
rank is still very vulnerable.","d2e2","Very good!  Since this rook is taboo,
it forces Black to move his rook again which give White time to double his
rooks in the e-file.",10,"d2d8","",0,"De","Wie würden Sie mit Weiß spielen?",
"Geben Sie Schwarz nicht die Zeit, seine Stellung zu konsolidieren.","Zeigen
Sie, dass die schwarze Grundreihe noch immer sehr anfällig ist.","d2e2","Sehr
gut!  Da dieser Turm tabu ist, wird Schwarz gezwungen, seinen Turm erneut zu
ziehen, was Weiß wiederum die Zeit gibt, seine Türme in der e-Linie zu
verdoppeln.",10,"d2d8","",0]} 25. Re2 $1 {Again the same motif. Wieder
dasselbe Motiv.} ({Not Nicht} 25. Rd8 $2 Bxd8) 25... Ra8 {Sad, but where else
should the rook go? Traurig, aber wohin soll der Turm sonst?} (25... Rxe2 26.
Qf8# {we have seen already. kennen wir ja schon.}) 26. Rde1 $1 Bg7 {[%tqu "En",
"How to continue?","In case I haven't mentioned it yet - the black back rank
is weak.","Deflect the black rook from the back rank!","a3a7","Giving the rook
no respite and winning an important pawn on the way.",10,"De","Wie soll es
weitergehen?","Fall ich es noch nicht erwähnt habe - die schwarze Grundreihe
ist schwach.","Lenken Sie den schwarzen Turm von der Grundreihe ab!","a3a7",
"Lässt dem Turm keine Atempause und streicht dabei einen wichtigen Bauern ein.
",10]} 27. Qxa7 $1 {Giving the rook no respite and winning an important pawn
on the way. Lässt dem Turm keine Atempause und streicht dabei einen wichtigen
Bauern ein.} Rd8 (27... Rxa7 28. Re8+ {and checkmate was the point of White's
last move. nebst Matt war die Pointe des letzten weißen Zuges.}) 28. Rd2 $6 {
A tempting move, of course (28...Rxd2 29.Qb8+ and mate), but objectively
better was the simple queen retreat 28.Qe3 when White has a clear plus.
Natürlich ein verlockender Zug (28...Rxd2 29.Qb8+ und Matt), aber objektiv
stärker war der einfache Damenrückzug 28.Qe3, wonach Weiß ein klares Plus hat.}
Rf8 $2 ({This was the right moment to finally bring home the unfortunate Bg2:
Dies war der richtige Moment, endlich den unglückseligen Bg2 in Sicherheit zu
bringen:} 28... Bd5 $1) 29. Bxg7 Bh3 30. f3 Qxf3 $4 {Throwing in the towel -
without a reason! Wirft die Flinte ins Korn - ohne Grund!} ({Simply Einfach} 
30... Kxg7 {and White has only a small plus. , und Weiß hat nur ein geringes
Plus.}) 31. Be5 Re8 32. Qf2 1-0

[Event "Belgrade GMA op"]
[Site "Belgrade"]
[Date "1988.??.??"]
[Round "?"]
[White "Rodriguez Cespedes, Amador"]
[Black "Arkhipov, Sergey"]
[Result "1-0"]
[WhiteElo "2550"]
[BlackElo "2460"]
[Annotator "Rodriguez,Am"]
[PlyCount "80"]
[EventDate "1988.12.??"]
[EventType "swiss"]
[EventRounds "9"]
[EventCountry "YUG"]
[SourceTitle "TD"]
[Source "ChessBase"]
[SourceDate "1994.03.01"]
[SourceVersion "1"]
[SourceVersionDate "1994.03.01"]
[SourceQuality "1"]

1. e4 e5 2. Nf3 Nf6 3. d4 Nxe4 4. Bd3 d5 5. Nxe5 Nd7 6. Nxd7 Bxd7 7. O-O Qh4 8.
c4 O-O-O 9. c5 g5 10. Nc3 Nf6 $5 (10... Bg7) (10... f5) 11. Ne2 (11. g3 Qh3 $1
(11... Qxd4 12. c6 $1 $40) 12. Bxg5 $2 Ng4) (11. Qf3 $5) 11... Ng4 $1 12. h3
Nh6 13. Bd2 Rg8 $1 (13... g4 $2 14. g3 $1 $16 {/\ h4} Qxh3 $2 15. Nf4 $18) 14.
f3 (14. b4 g4 $1 15. g3 gxh3 $40) 14... f5 15. Qe1 Qh5 (15... Qxe1 16. Raxe1 {
/\ b4-b5|^<<} f4 17. h4 $1 {><f4}) 16. b4 Re8 17. Qf2 (17. b5 $5 g4 18. c6 $13)
17... g4 $2 (17... f4 $1 $36 {/\ Bf5 ><d4, e3, g3}) 18. Nf4 $1 (18. Ng3 Qh4 19.
Bxh6 gxh3 $1 $17) 18... Qf7 $8 19. g3 $1 $16 {@, פh6} gxf3 (19... gxh3 $2 20.
Kh2 {/\ b5-><<}) 20. Qxf3 Re4 $5 21. Ne2 $1 (21. Bxe4 $2 fxe4 {/\ Nf5 ><g3, d4}
) 21... Qg6 22. Kh2 Bg7 23. Nf4 $1 Qe8 $2 (23... Qf7 24. Bxe4 fxe4 25. Qh5 $1
Bxd4 26. Qxh6 Bxa1 27. Rxa1 d4 28. Qh5 $16) 24. Nxd5 $1 Rxd4 $6 (24... Bc6 $2
25. Bxh6 {/\ Qf5+-}) (24... Bxd4 25. Rae1 Be5 26. Bf4 $1 Bxf4 27. Rxe4 $3 fxe4
(27... Bxg3+ 28. Qxg3 $18) 28. Qxf4 Qd8 $8 29. Bxe4 $18) 25. Rae1 Be5 26. Bf4
$1 Ng4+ 27. hxg4 fxg4 28. Qg2 $1 $18 (28. Qe3 Qh5+ 29. Kg1 Rxd5 30. Bxe5 Re8)
28... Qh5+ 29. Kg1 Bxf4 (29... Rxf4 30. Rxf4 $1 $18) 30. Nxf4 Qg5 31. Qb2 $1
Rxd3 {(+)} (31... Qf6 $2 32. Ne6) (31... Qg7 32. Re4 Rxe4 33. Qxg7 Rxg7 34.
Bxe4) 32. Nxd3 Bb5 33. Qe5 Qd8 34. Re3 a5 35. Rf4 Re8 36. Qf5+ Kb8 37. Rxe8
Bxe8 38. Qf8 Qd7 39. Nf2 Ka7 40. a3 Bg6 1-0

[Event "Wichern op 5th"]
[Site "Hamburg"]
[Date "1999.10.17"]
[Round "3.10"]
[White "Aagaard, Jacob"]
[Black "Rozentalis, Eduardas"]
[Result "0-1"]
[WhiteElo "2403"]
[BlackElo "2586"]
[Annotator "Rozentalis,E"]
[PlyCount "54"]
[EventDate "1999.10.15"]
[EventType "swiss"]
[EventRounds "9"]
[EventCountry "GER"]
[SourceTitle "EXT 2001"]
[Source "ChessBase"]
[SourceDate "2000.11.22"]
[SourceVersion "1"]
[SourceVersionDate "2000.11.22"]
[SourceQuality "1"]

1. e4 e5 2. Nf3 Nf6 3. d4 Nxe4 4. Bd3 Nc6 5. d5 Nc5 6. dxc6 e4 7. Be2 exf3 8.
cxb7 Bxb7 9. Bxf3 Bxf3 10. Qxf3 Bd6 11. Bg5 $6 $146 {New active move, but
probably not good.} (11. Be3) 11... Qb8 $1 ({After} 11... Qxg5 12. Qxa8+ Ke7
13. Qf3 (13. Qxh8 Qc1+ 14. Ke2 Qxc2+ 15. Nd2 Qd3+ 16. Ke1 Ne4 17. Nxe4 Bb4+ 18.
Nc3 Bxc3+ 19. bxc3 Qxc3+ 20. Ke2 Qc4+ $11) 13... Qc1+ 14. Qd1 Qxb2 15. Nd2 Be5
16. Rb1 Qxa2 17. O-O $14 {white has an exchange for two pawns and slightly
better chances, because of black king position.}) 12. Nc3 O-O 13. O-O-O Ne6 14.
h4 a5 (14... c6) 15. Qd5 (15. Ne4 Be5) (15. Qf5 c6) 15... a4 $40 16. Ne4 Ra6
17. Qf5 Rb6 {Black succeeded more in attacking opposite king, so white tries
to change things by next sacrifice, but there is enough resourses to protect
black king.} 18. Rxd6 (18. Nxd6 cxd6 $17 {[xb2]}) (18. Nf6+ gxf6 19. Bxf6 Bf4+
20. Kb1 Rxb2+ 21. Bxb2 a3 $19) 18... cxd6 19. Nf6+ gxf6 20. Bxf6 Rc8 21. Rh3
Rbc6 22. Rg3+ Kf8 23. c3 (23. Qxh7 Rxc2+) 23... Qb4 $1 {[xf4,c3]} 24. Rg4 (24.
Qxh7 Qf4+) 24... Rc4 25. Rg7 Nxg7 26. Qxh7 Rxc3+ 27. Kd1 Rc1+ 0-1